Charleston Facts Quiz Stats

 Plays Quiz not verified by Sporcle

Support Sporcle.
Go Orange.
Score 0/15 Timer 10:00
0 Plays Today
Charleston Facts % Correct
CountyCharleston
90.8%
CollegeCollege of Charleston
90.8%
Major war started hereCivil War
89.7%
One of the area's four major riversCooper, Wando, Ashley, and the Stono
84.9%
NicknameHoly City
81.3%
Minor League baseball teamRiverdogs
76.5%
CollegeThe Citadel
75.4%
CollegeCSU
68.8%
Charleston Facts % Correct
Original NameCharles Towne
64%
NewspaperThe Post and Courier
63.2%
Founded in what decade?1670s
62.5%
Minor League hockey teamStingrays
59.6%
Arts FestivalSpoleto
58.1%
MayorJoseph P. Riley
52.9%
Most famous residentBill Murray
46.3%

You're not logged in!

Compare scores with friends on all Sporcle quizzes.
OR
Log In

From the Vault

What Movie? Actor Pairings V

by Larryholmes79

Some of these actors have been in so many movies, we bet even they sometimes get confused about who they starred with.
Remove Ads.
Support Sporcle.
Get the best of Sporcle when you Go Orange. This ad-free experience offers more features, more stats, and more fun while also helping to support Sporcle. Thank you for becoming a member.

Show Comments

Extras

Created Mar 15, 2011ReportNominate

Top Quizzes Today


Score Distribution

Your Account Isn't Verified!

In order to create a playlist on Sporcle, you need to verify the email address you used during registration. Go to your Sporcle Settings to finish the process.

Report this User

Report this user for behavior that violates our Community Guidelines.

Details: